01020cam a2200265 a 45000010009000000050017000090080041000260100017000670200029000840400018001130420008001310500023001390820012001620840023001742450055001972600040002523000056002924900043003485040051003915200142004425210012005846500037005966500091006337000030007241693705220150122132154.0110826s2011 miua b 001 0 eng  a 2011028582 a9780737757743 (hardback) aDLCcDLCdDLC apcc00aRB 140b.G762 201200a616.4/7 aJNF0240202bisacsh00aGrowth disorders /cMary E. Williams, book editor. aDetroit :bGreenhaven Press,c2012. a163 pages :billustrations (some colored) ;c24 cm.0 aPerspectives on diseases and disorders aIncludes bibliographical references and index. a"Growth Disorders: Understanding Growth Disorders; Issues and Controversies Surrounding Growth Disorders; Living with Growth Disorders"-- aNursing 0aGrowth disordersvPopular works. 7aJUVENILE NONFICTION / Health & Daily Living / Diseases, Illnesses & Injuries2bisacsh.1 aWilliams, Mary E.,d1960-